THINKING STRATEGICALLY THE COMPETITIVE EDGE IN BUSINESS O (Record no. 16268)

MARC details
000 -LEADER
fixed length control field 00411nam a2200145Ia 4500
008 - FIXED-LENGTH DATA ELEMENTS--GENERAL INFORMATION
fixed length control field 240624s9999 xx 000 0 und d
041 ## - LANGUAGE CODE
Language code of text/sound track or separate title eng
082 ## - DEWEY DECIMAL CLASSIFICATION NUMBER
Classification number 658.4012 DIX
100 ## - MAIN ENTRY--PERSONAL NAME
Personal name DIXIT AVINASH K
245 ## - TITLE STATEMENT
Title THINKING STRATEGICALLY THE COMPETITIVE EDGE IN BUSINESS O
250 ## - EDITION STATEMENT
Edition statement (Revised Edition ed.)
260 ## - PUBLICATION, DISTRIBUTION, ETC.
Date of publication, distribution, etc. 2010
Place of publication, distribution, etc. New Delhi
Name of publisher, distributor, etc. Viva Books Private Limited
300 ## - PHYSICAL DESCRIPTION
Extent 412 : p.
365 ## - TRADE PRICE
Currency code RS
Price amount 33.5
Holdings
Withdrawn status Lost status Damaged status Not for loan Home library Current library Shelving location Date acquired Source of acquisition Cost, normal purchase price Total Holds Full call number Barcode Date last seen Copy number Price effective from Koha item type
        IMTN IMTN Rack 28-B 01/03/2011 IBH 395.00 1948 658.4012 DIX 16268 06/24/2024 1 06/24/2024 Books
Designed & Maintained by: LRC IMT Nagpur Contact: lrc@imtnag.ac.in© 2024. All Rights Reserved.